Official US States Nicknames - Click Quiz - Statistics

General Stats
  • This quiz has been taken 359 times
    357 since last reset
  • The average score is 34 of 50
Answer Stats
Hint Answer % Correct
Lone Star State Texas
91%
Aloha State Hawaii
89%
The Golden State California
86%
Empire State New York
86%
Grand Canyon State Arizona
83%
Peach State Georgia
83%
The Great Lakes State Michigan
82%
Sunshine State Florida
80%
The First State Delaware
79%
Bluegrass State Kentucky
77%
The Mount Rushmore State South Dakota
77%
Garden State New Jersey
76%
Hoosier State Indiana
75%
The Last Frontier Alaska
74%
Pelican State Louisiana
74%
Land of Lincoln Illinois
73%
Land of 10,000 Lakes Minnesota
73%
Cornhusker State Nebraska
72%
Buckeye State Ohio
71%
Sooner State Oklahoma
71%
Volunteer State Tennessee
69%
Heart of Dixie Alabama
68%
Land of Enchantment New Mexico
67%
Beaver State Oregon
67%
Silver State Nevada
66%
The Old Dominion Virginia
66%
Show-Me State Missouri
65%
Tar Heel State North Carolina
65%
Keystone State Pennsylvania
65%
Sunflower State Kansas
63%
Evergreen State Washington
63%
Hawkeye State Iowa
62%
Ocean State Rhode Island
62%
Palmetto State South Carolina
61%
Badger State Wisconsin
61%
Centennial State Colorado
60%
Beehive State Utah
60%
Green Mountain State Vermont
60%
Equality State Wyoming
59%
Constitution State Connecticut
58%
Old Line State Maryland
58%
Gem State Idaho
57%
The Bay State Massachusetts
57%
Granite State New Hampshire
57%
The Natural State Arkansas
55%
Magnolia State Mississippi
55%
Mountain State West Virginia
53%
Pine Tree State Maine
52%
Peace Garden State North Dakota
52%
Treasure State Montana
51%
No matching quizzes found
Score Distribution
Percent of People with Each Score
Percentile by Number Answered
Your Score History
You have not taken this quiz since the last reset